100 najlepszych piłkarzy świata 2023 - Statystyki

Ogólne statystyki
  • Ten quiz został rozwiązany 38 razy
  • Średni wynik to 53 z 100
Statystyki odpowiedzi
# Klub Zawodnik % Poprawnych
1 f Manchester City Erling Haaland
100%
3 PSG Kylian Mbappé
100%
2 Real Madrid Jude Bellingham
97%
7 Liverpool Mohamed Salah
97%
10 Inter Miami Lionel Messi
94%
4 Bayern Munich Harry Kane
91%
5 Manchester City Rodri
91%
6 Real Madrid Vinícius Júnior
91%
27 Al-Nassr Cristiano Ronaldo
88%
17 Barcelona Robert Lewandowski
88%
15 Atlético Madrid Antoine Griezmann
84%
8 Manchester City Kevin De Bruyne
84%
11 Manchester City Bernardo Silva
78%
13 Inter Mediolan Lautaro Martínez
78%
14 Arsenal Bukayo Saka
75%
46 Aston Villa Emiliano Martínez
75%
25 Real Madrid Luka Modric
75%
18 Arsenal Martin Ødegaard
75%
24 Tottenham Hotspur Son Heung-min
75%
34 Barcelona Marc-André ter Stegen
69%
47 PSG Achraf Hakimi
66%
51 Bayern Munich Joshua Kimmich
66%
9 Napoli Victor Osimhen
66%
44 Liverpool Virgil van Dijk
66%
42 Manchester United Bruno Fernandes
63%
52 Liverpool Dominik Szoboszlai
63%
31 Real Madrid Federico Valverde
63%
36 Al-Ittihad Karim Benzema
63%
30 Milan Rafael Leão
63%
81 Real Madrid David Alaba
59%
32 Barcelona Pedri
59%
33 Real Madrid Rodrygo
59%
21 Manchester City Rúben Dias
59%
70 Real Madrid Toni Kroos
59%
40 Arsenal William Saliba
59%
35 Liverpool Alisson
56%
96 Bayern Munich Alphonso Davies
56%
62 Manchester United André Onana
56%
28 Barcelona Gavi
56%
54 Manchester City Josko Gvardiol
56%
19 Manchester City Julián Álvarez
56%
12 Napoli Khvicha Kvaratskhelia
56%
80 Roma Romelu Lukaku
56%
79 Inter Alessandro Bastoni
53%
87 Newcastle Alexander Isak
53%
23 Manchester City Ederson
53%
43 Real Madrid Eduardo Camavinga
53%
69 Barcelona Frenkie de Jong
53%
16 Barcelona Ilkay Gündogan
53%
68 Liverpool Luis Díaz
53%
59 Liverpool Alexis Mac Allister
50%
22 Arsenal Declan Rice
50%
82 Chelsea Enzo Fernández
50%
48 Bayer Leverkusen Florian Wirtz
50%
53 Arsenal Gabriel Martinelli
50%
55 Inter Hakan Çalhanoğlu
50%
37 Bayern Munich Kim Min-jae
50%
41 Manchester City Phil Foden
50%
56 Barcelona Ronald Araújo
50%
39 Real Madrid Thibaut Courtois
50%
57 Liverpool Trent Alexander-Arnold
50%
64 Bayer Leverkusen Victor Boniface
50%
29 Inter Mediolan Nicolò Barella
47%
78 Liverpool Darwin Núñez
44%
20 Bayern Munich Jamal Musiala
44%
89 Atlético Madrid Jan Oblak
44%
26 Manchester City John Stones
44%
84 Milan Mike Maignan
44%
50 Milan Olivier Giroud
44%
74 Bayer Leverkusen Álex Grimaldo
41%
83 Benfica Ángel Di María
41%
60 Newcastle Bruno Guimarães
41%
61 Inter Federico Dimarco
41%
85 Arsenal Gabriel Jesus
41%
45 Manchester City Kyle Walker
41%
38 Bayern Munich Leroy Sané
41%
100 Inter Marcus Thuram
41%
92 Al-Ahli Riyad Mahrez
41%
72 Stuttgart Serhou Guirassy
41%
94 Al-Nassr Marcelo Brozovic
38%
66 RB Leipzig Xavi Simons
38%
91 Real Madrid Antonio Rüdiger
34%
93 Bayer Leverkusen Granit Xhaka
34%
49 Manchester City Jack Grealish
34%
71 Brighton Kaoru Mitoma
34%
98 Aston Villa Ollie Watkins
34%
86 Real Madrid Aurélien Tchouaméni
31%
63 Newcastle Kieran Trippier
31%
90 RB Leipzig Loïs Openda
31%
67 Manchester United Marcus Rashford
31%
95 Milan Theo Hernández
31%
88 Tottenham Hotspur Cristian Romero
25%
97 Inter Denzel Dumfries
25%
77 Tottenham Hotspur James Maddison
19%
58 Al-Hilal Yassine Bounou
19%
75 Feyenoord Santiago Giménez
16%
99 PSG Warren Zaïre-Emery
16%
76 PSG Randal Kolo Muani
13%
73 Atlético Madrid Álvaro Morata
9%
65 Fluminense Germán Cano
3%
Nie znaleziono quizów pasujących do podanych kryteriów
Rozkład punktacji
Procent ludzi z każdym wynikiem
Percentyl według liczby udzielonych odpowiedzi
Twoja historia wyników
Nie rozwiązałeś tego quizu